Felipe II: mecenas de las artes

Gorde:
Xehetasun bibliografikoak
Egile nagusia: Checa Cremades, Fernando (Egilea)
Formatua: Liburua
Hizkuntza:gaztelania
Argitaratua: Madrid Nerea 1992
Gaiak:
Etiketak: Etiketa erantsi
Etiketarik gabe, Izan zaitez lehena erregistro honi etiketa jartzen!

MARC

LEADER 00000nam a2200000 a 4500
001 UCV9935
003 CL-VaPUC
008 930804e19920000SP |||||||||||||||||spa|d
082 0 4 |a 709.031  |b CHE  |2 21 
100 0 |a Checa Cremades, Fernando  |e author  |9 303918 
245 1 0 |a Felipe II: mecenas de las artes 
300 |a 511 p 
942 |c BK 
945 |d 19930804 00:00:00 
260 |a Madrid  |b Nerea  |c 1992 
650 0 |a Pintura  |9 265046 
650 0 |a Obras ilustradas  |9 265022 
650 7 |a ESCULTURA SIGLO 17  |2 CL-VaPUC  |9 268904 
650 0 |a Renacimiento  |9 255107 
651 0 |a España  |9 254926 
583 |a last modification  |c 19930804 00:00:00  |k Rodrigo Vera 
999 |c 215205  |d 215203 
952 |0 0  |1 0  |4 0  |6 709_031000000000000_CHE_1992  |7 0  |8 A  |9 199238  |a BIBARQ  |b BIBARQ  |d 2019-11-14  |i 2665522  |o 709.031 CHE 1992  |p 2665522  |r 2025-01-20  |w 2019-11-14  |y BK  |k ARQ